000 00465nam a22001697a 4500
005 20251108164109.0
008 250721s1996 xx 000 0 ara d
082 1 4 _a391.09/جود
100 1 _aجودي، محمد حسين
245 1 0 _aتاريخ الأزياء القديم /
264 1 _aعمان :
_bدار صفاء للطباعة،
_c1996.
300 _a202ص
650 1 7 _aالملابس
650 1 7 _aالأزياء
942 _2ddc
_cBK
999 _c3550
_d3550